Transitions Through Adolescence: Interpersonal Domains and Context (Record no. 36644)

MARC details
000 -LEADER
fixed length control field 00488nam a2200181Ia 4500
020 ## - INTERNATIONAL STANDARD BOOK NUMBER
ISBN 0-8058-1594-5
050 ## - CALL MARK
Classification number BF724.T64
100 ## - STATEMENT OF RESPONSIBILITY--MAIN AUTHOR NAME
Personal name Julia A. Graber
245 #0 - TITLE STATEMENT
Title Transitions Through Adolescence: Interpersonal Domains and Context
260 ## - PUBLICATION, DISTRIBUTION, ETC. (IMPRINT)
Place of publication New Jersey
260 ## - PUBLICATION, DISTRIBUTION, ETC. (IMPRINT)
Name of publisher Lawrence Erlbaum Associates Mahwah
260 ## - PUBLICATION, DISTRIBUTION, ETC. (IMPRINT)
Year of publication 1996
300 ## - PHYSICAL DESCRIPTION
Number of Pages 410 p
650 ## - SUBJECT ADDED ENTRY--TOPICAL TERM
Topical Term Adolescence Psychology
942 ## - ADDED ENTRY ELEMENTS (KOHA)
Koha item type Books
Holdings
Withdrawn status Lost status Source of classification or shelving scheme Damaged status Not for loan Permanent Location Current Location Date acquired Accession Number Price effective from Koha item type
    Library of Congress Classification     NILE UNIVERSITY OF NIGERIA - MAIN LIBRARY NILE UNIVERSITY OF NIGERIA - MAIN LIBRARY 04/23/2025 0001608 04/23/2025 Books